General Studies paper-I : (Record no. 158208)

MARC details
000 -LEADER
fixed length control field 01361nam a22002897a 4500
005 - DATE AND TIME OF LATEST TRANSACTION
control field 20181025162317.0
010 ## - LCCN (DPL NO)
LC control number B-710596-601
020 ## - INTERNATIONAL STANDARD BOOK NUMBER
International Standard Book Number 9789353065812 (v.1)
Terms of availability 1599.00 (set price)
020 ## - INTERNATIONAL STANDARD BOOK NUMBER
International Standard Book Number 9789353065829 (v.2)
Terms of availability 1599.00 (set price)
020 ## - INTERNATIONAL STANDARD BOOK NUMBER
International Standard Book Number 9789353065836 (v.3)
Terms of availability 1599.00 (set price)
020 ## - INTERNATIONAL STANDARD BOOK NUMBER
International Standard Book Number 9789353065843 (v.4)
Terms of availability 1599.00 (set price)
020 ## - INTERNATIONAL STANDARD BOOK NUMBER
International Standard Book Number 9789353065850 (v.5)
Terms of availability 1599.00 (set price)
020 ## - INTERNATIONAL STANDARD BOOK NUMBER
International Standard Book Number 9789353065867 (v.6)
Terms of availability 1599.00 (set price)
035 ## - SYSTEM CONTROL NUMBER
System control number B-710596-601
035 ## - SYSTEM CONTROL NUMBER
System control number B-710596-601
037 ## - SOURCE OF ACQUISITION
Source of stock number/acquisition RK Books
Stock number dpl
082 ## - DEWEY DECIMAL CLASSIFICATION NUMBER
Classification number 000
100 ## - MAIN ENTRY--PERSONAL NAME
Personal name Thorpe, Edgar
245 ## - TITLE STATEMENT
Title General Studies paper-I :
Statement of responsibility, etc by Edgar Thorpe [and] Showick Thorpe
Remainder of title for Civil Services preliminary examination /
260 ## - PUBLICATION, DISTRIBUTION, ETC. (IMPRINT)
Place of publication, distribution, etc Noida
Name of publisher, distributor, etc Pearson
Date of publication, distribution, etc 2018
270 ## - ADDRESS
Address A-8(A), 7th Floor, Knowledge Boulevard, Sector-62,
City Noida
Postal code 201309
300 ## - PHYSICAL DESCRIPTION
Extent 6V.(v.p.)
Dimensions 25cm(pbk)
505 ## - FORMATTED CONTENTS NOTE
Formatted contents note v.1 - General knowledge and current affairs.<br/>v.2 - Indian polity and Governance<br/>v.3 - Indian economy economic and social development<br/>v.4 - Geography and environmental ecology.<br/>v.5 - General science.<br/>v.6 - History and culture.
700 ## - ADDED ENTRY--PERSONAL NAME
Personal name Thorpe,Showick
942 ## - ADDED ENTRY ELEMENTS (KOHA)
Source of classification or shelving scheme Dewey Decimal Classification
Item type English Books
Call number suffix THO
Classification part 000
Holdings
Withdrawn status Lost status Materials specified (bound volume or other part) Not for loan Collection code Home library Current library Date acquired Source of acquisition Cost, normal purchase price Full call number Barcode Copy number Cost, replacement price Koha item type
    v.1 Geneal knowledge and current affairs   Non-fiction Patel Nagar Patel Nagar 20/10/2018 RK Books/IN1915/18-19/13-10-18/532/04-10-18/15-10-18 1599.00 000 THO B-710596 1 1599.00 English Books
    v.2 Indian polity and Goveranance   Non-fiction Patel Nagar Patel Nagar 20/10/2018 RK Books/IN1915/18-19/13-10-18/532/04-10-18/15-10-18 1599.00 000 THO B-710597 1 1599.00 English Books
    v.3 Indian economy economic and social development   Non-fiction Patel Nagar Patel Nagar 20/10/2018 RK Books/IN1915/18-19/13-10-18/532/04-10-18/15-10-18 1599.00 000 THO B-710598 1 1599.00 English Books
    v.4 Geography and environmental ecology   Non-fiction Patel Nagar Patel Nagar 20/10/2018 RK Books/IN1915/18-19/13-10-18/532/04-10-18/15-10-18 1599.00 000 THO B-710599 1 1599.00 English Books
    v.5 - General science   Non-fiction Patel Nagar Patel Nagar 20/10/2018 RK Books/IN1915/18-19/13-10-18/532/04-10-18/15-10-18 1599.00 000 THO B-710600 1 1599.00 English Books
    v.6 - History and culture   Non-fiction Patel Nagar Patel Nagar 20/10/2018 RK Books/IN1915/18-19/13-10-18/532/04-10-18/15-10-18 1599.00 000 THO B-710601 1 1599.00 English Books

© Delhi Public Library
Hit Counter
free hit counter